| 000 | 01729cam a22004934i 4500 | ||
|---|---|---|---|
| 003 | PE-LiUPU | ||
| 005 | 20251117110446.0 | ||
| 008 | 150616s r 000 0 d | ||
| 020 | _a847151351X | ||
| 035 | _a(Sirsi) i9788471513519 | ||
| 040 |
_aPE-LiUPU _bspa _cPE-LiUPU _erda |
||
| 049 | _aPRUA | ||
| 082 | 0 | 4 |
_a220.3 _bE56 _221 |
| 245 | 0 | 0 |
_aEnciclopedia de la Biblia / _c[directora Pat Alexander ; colaboradores, David Clineses.. et al. ; tradujo del inglés Pedro Rodríguez Santrián]. |
| 264 | 1 |
_aNavarra : _bEditorial Verbo Divino, _c1983. |
|
| 300 |
_a326 páginas : _bilustraciones dibjs., mapas, fotos ; _c25 centímetros |
||
| 336 |
_atext _2rdacontent |
||
| 337 |
_aunmediated _2rdamedia |
||
| 338 |
_avolume _2rdacarrier |
||
| 505 | 0 | _aEl entorno de la biblia -- Arqueología y biblia -- Historia de la biblia -- Temas y acontecimientos clave de la biblia -- Religión y culto en la biblia -- Personajes bíblicos -- Vida doméstica y familiar en la biblia -- Trabajo y sociedad en la biblia -- Lugares bíblicos -- Atlas bíblico. | |
| 526 | _aSEG44 | ||
| 526 | _aSEG26 | ||
| 526 | _aP151 | ||
| 526 | _aP150 | ||
| 526 | _aP149 | ||
| 526 | _aP146 | ||
| 526 | _aP145 | ||
| 526 | _aP126 | ||
| 526 | _aP125 | ||
| 526 | _aP92 | ||
| 526 | _aP75 | ||
| 526 | _aP74 | ||
| 526 | _aP27 | ||
| 526 | _aP15 | ||
| 630 | 1 | 4 |
_aBiblia _vEnciclopedias. |
| 650 | 2 | 4 |
_aReligión _vEnciclopedias. _97633 |
| 700 | 1 |
_aAlexander, Pat, _edirector. |
|
| 700 | 1 |
_aSantidrián, Pedro R., _ecolaborador. |
|
| 910 | _ajck | ||
| 942 |
_2ddc _cBK |
||
| 980 |
_818226 _gJaime Vilcazán Jefe de Análisis Documental |
||
| 999 |
_c56545 _d56545 |
||